Le plus peuplé en un contre un - Mort subite #2 - Statistiques

Statistiques générales
  • Ce quiz a été pris 231 fois
  • Le résultat moyen est 2 sur 20
Answers on the Grid
Answers color-coded by a green-red scale on the quiz's grid according to % correct below.
Portugal
Pologne
Royaume-Uni
France
Libye
Syrie
Iran
Irak
Paraguay
Uruguay
Biélorussie
Belgique
Cameroun
Cambodge
Dominique
République Dominicaine
Guinée-Bissau
Guinée
Mauritanie
Maurice
Saint-Pierre-et-Miquelon (France)
Wallis-et-Futuna (France)
Niger
Nigeria
Bahamas
Bahrein
Zambie
Mozambique
Lituanie
Lettonie
Finlande
Islande
Malawi
Malaisie
Gambie
Gabon
Andorre
Saint-Marin
Hongrie
Honduras
 
Statistiques - réponses
Réponse % Correct
Pologne
93%
Royaume-Uni
44%
Iran
20%
Syrie
15%
Finlande
7%
Nigeria
7%
Paraguay
7%
Guinée
6%
Malaisie
6%
République Dominicaine
5%
Cameroun
4%
Belgique
3%
Lituanie
3%
Mauritanie
3%
Bahrein
2%
Mozambique
2%
Andorre
0%
Gambie
0%
Honduras
0%
Wallis-et-Futuna (France)
0%
Aucun quiz correspondant
Distribution des résultats
% des personnes avec chaque résultat
Percentile par nombre de réponses
Votre historique - résultats
Vous n’avez pas pris ce quiz